Guía de Antigua Guatemala /
En esta guía se destaca la importancia de Antigua por su arquitectura barroca y colonial.
Gorde:
| Egile nagusia: | |
|---|---|
| Beste egile batzuk: | , |
| Formatua: | Liburua |
| Hizkuntza: | gaztelania |
| Edizioa: | 2a edición |
| Saila: | (Sociedad de Geografía e Historia de Guatemala. Publicación Especial ;
15) |
| Gaiak: | |
| Etiketak: |
Etiketarik gabe, Izan zaitez lehena erregistro honi etiketa jartzen!
|
MARC
| LEADER | 00000nam^a2200000^a^4500 | ||
|---|---|---|---|
| 001 | 000130961 | ||
| 005 | 20250521000000.0 | ||
| 009 | 20260310095005.81 | ||
| 037 | |a Acervo ITESO - Biblioteca | ||
| 041 | |a ESP | ||
| 082 | |a 917. 204 |b PAR | ||
| 100 | |a Pardo, Joaquín J. |e (autor) | ||
| 245 | 1 | 0 | |a Guía de Antigua Guatemala / |c J.J. Pardo, P. Zamora Castellanos, L. Luján Muñoz ; prelim. de Francis Gall. |
| 250 | |a 2a edición | ||
| 264 | |a Guatemala, Guatemala : |b Editorial José de Pineda Ibarra, |c 1968 | ||
| 300 | |a 281 p. | ||
| 336 | |a texto |b txt |2 rdacontenido | ||
| 337 | |a sin mediación |b n |2 rdamedio | ||
| 338 | |a volumen |b nc |2 rdasoporte | ||
| 440 | 1 | |a (Sociedad de Geografía e Historia de Guatemala. |p Publicación Especial ; |v 15) | |
| 520 | |a En esta guía se destaca la importancia de Antigua por su arquitectura barroca y colonial. | ||
| 649 | |a XX | ||
| 650 | |a Antigua, Guatemala - |x Descripción - |x Guías Turísticas | ||
| 650 | |a Turismo - |z Antigua, Guatemala | ||
| 650 | |a Turismo - |z Guatemala | ||
| 650 | |a Arquitectura Barroca | ||
| 650 | |a Arquitectura Virreinal | ||
| 650 | |a Arquitectura Guatemalteca | ||
| 650 | |a Arte Barroco | ||
| 650 | |a Arte Virreinal | ||
| 650 | |a Arte Guatemalteco | ||
| 650 | |a Guías Turísticas | ||
| 700 | |a Zamora Castellanos, Pedro |e (autor) | ||
| 700 | |a Luján Muñoz, Luis |e (autor) | ||
| 910 | |a Fondo Salvador Reynoso Reynoso | ||
| 920 | |a Impresos - Libros | ||
| 930 | |a Fondos Especiales | ||
| 905 | |a 112 | ||
| 901 | |a 0800011560 |b IT2 |c ESP |u 20250521 | ||
| 901 | |a 0800011566 |b IT2 |c ESP |u 20250521 | ||
| 902 | |a https://opac.biblio.iteso.mx/vufind/Record/000130961 | ||